[Event "N4 Echiquier Aubois / Rilly"]
[Site "?"]
[Date "2009.03.15"]
[Round "6"]
[White "Bardoux, Thierry"]
[Black "Guyot, Philippe"]
[Result "1-0"]
[WhiteElo "2152"]
[BlackElo "2010"]
[PlyCount "155"]
[EventDate "2008.12.14"]
[SourceDate "2009.03.15"]

1. d4 d5 2. Nf3 c5 3. e3 e6 4. c3 Nf6 5. Bd3 Be7 6. O-O Nbd7 7. Nbd2 O-O 8. Qe2
b6 9. e4 dxe4 10. Nxe4 Bb7 11. Re1 Nxe4 12. Bxe4 Bxe4 13. Qxe4 Nf6 14. Qe2 cxd4
15. Nxd4 h6 16. Bf4 Qd7 17. Rad1 Qb7 18. h3 a6 19. Nf5 exf5 20. Qxe7 Qxe7 21.
Rxe7 Rfe8 22. Rxe8+ Rxe8 23. Kf1 b5 24. Bc7 Re6 25. f3 Ne8 26. Bg3 Kf8 27. Bf2
g6 28. Bc5+ Kg7 29. Rd4 Re5 30. b4 Re3 31. Rd8 Re6 32. Kf2 Kg8 33. Rc8 Kg7 34.
Bd4+ Kf8 35. c4 bxc4 36. Rxc4 Ke7 37. a4 Kd7 38. Be3 Rc6 39. Rxc6 Kxc6 40. Bxh6
Kd5 41. Ke3 Kc4 42. b5 axb5 43. axb5 Kxb5 44. Kd4 Kc6 45. Ke5 Kd7 46. Bg5 Nc7
47. Kf6 Ke8 48. Bh6 Ne6 49. h4 Nc5 50. h5 gxh5 51. Kxf5 Nd3 52. Bd2 Kf8 53. Kg5
Kg8 54. Kxh5 Kh7 55. Kg5 Nc5 56. Be3 Nd3 57. g4 Kg8 58. Kf6 Nb4 59. Bd4 Nd3 60.
Kf5 Nb4 61. f4 Nc6 62. Bc5 Nd8 63. g5 Ne6 64. Be3 Ng7+ 65. Kf6 Nh5+ 66. Kf5
Ng7+ 67. Ke5 Ne8 68. f5 Kg7 69. Kd5 Nc7+ 70. Kc6 Na6 71. Bd2 Nb8+ 72. Kd6 Na6
73. Bc3+ Kg8 74. Ke7 Nc7 75. Be5 Nd5+ 76. Ke8 Ne3 77. g6 fxg6 (77... f6 $11)
78. f6 1-0

[Event "N4 Echiquier Aubois / Rilly"]
[Site "?"]
[Date "2009.03.15"]
[Round "6"]
[White "Biniaux, Michael"]
[Black "Ferrand, Christophe"]
[Result "1/2-1/2"]
[WhiteElo "1680"]
[BlackElo "1901"]
[PlyCount "110"]
[EventDate "2008.12.14"]
[SourceDate "2009.03.15"]

1. d4 Nf6 2. e3 e6 3. Bd3 b6 4. Nf3 Bb7 5. Nbd2 Be7 6. O-O O-O 7. c3 d5 8. Ne5
Ne4 9. f3 Nxd2 10. Bxd2 f6 11. Ng4 Nd7 12. e4 c5 13. Ne3 cxd4 14. cxd4 e5 15.
Nxd5 exd4 16. Bc4 Kh8 17. Nxe7 Qxe7 18. a3 Rfc8 19. Bb4 Qe5 20. Bd3 Nc5 21. Bb1
a5 22. Be1 d3 23. Bc3 Qd6 24. Rf2 Rd8 25. Rd2 Ba6 26. b4 Ne6 27. Bc2 dxc2 28.
Rxd6 cxd1=Q+ 29. Raxd1 Rxd6 30. Rxd6 Nf4 31. Kf2 axb4 32. axb4 Rb8 33. g3 Nd3+
34. Ke3 Nc1 35. Rd2 Bc4 36. f4 b5 37. h4 Na2 38. Bb2 Nxb4 39. h5 Kg8 40. h6 Nd3
41. Ba1 b4 42. hxg7 Kxg7 43. g4 b3 44. g5 Rb7 45. gxf6+ Kf7 46. Rh2 b2 47.
Rxh7+ Kf8 48. Rh8+ Bg8 49. Bxb2 Rxb2 50. f5 Ne5 51. Kf4 Nd3+ 52. Ke3 Ne5 53.
Rh1 Rb3+ 54. Kf4 Nd3+ 55. Ke3 Ne5+ 1/2-1/2

[Event "N4 Echiquier Aubois / Rilly"]
[Site "?"]
[Date "2009.03.15"]
[Round "6"]
[White "Raulet, Alain"]
[Black "Guillaume, Jean-françois"]
[Result "0-1"]
[WhiteElo "1965"]
[BlackElo "1910"]
[PlyCount "74"]
[EventDate "2008.12.14"]
[SourceDate "2009.03.15"]

1. c4 f5 2. g3 Nf6 3. Bg2 g6 4. Nc3 Bg7 5. d3 d6 6. e3 O-O 7. Nge2 c6 8. O-O a5
9. Rb1 Qc7 10. a3 e5 11. b4 axb4 12. axb4 Be6 13. f4 Nbd7 14. h3 Nh5 15. Bd2
Nhf6 16. Kh2 Rfe8 17. Ng1 Nb6 18. fxe5 dxe5 19. c5 Nbd5 20. Nge2 Rad8 21. Qc2
Qd7 22. Nc1 Nxc3 23. Bxc3 Nd5 24. Bd2 Bh6 25. e4 Ne3 26. Bxe3 Bxe3 27. exf5
gxf5 28. Re1 f4 29. g4 Bd5 30. Be4 Bxe4 31. dxe4 Qe7 32. Qc4+ Kg7 33. Re2 Qh4
34. Rg2 Rd2 35. Rb2 Rxb2 36. Rxb2 Qg3+ 37. Kh1 Qg1# 0-1

[Event "N4 Echiquier Aubois / Rilly"]
[Site "?"]
[Date "2009.03.15"]
[Round "6"]
[White "Pinchon, Sylvie"]
[Black "Bohr, Frederic"]
[Result "0-1"]
[WhiteElo "1490"]
[BlackElo "1590"]
[PlyCount "76"]
[EventDate "2008.12.14"]
[SourceDate "2009.03.15"]

1. e4 e5 2. Nf3 Nf6 3. Nxe5 d6 4. Nf3 Nxe4 5. Qe2 Qe7 6. d3 Nf6 7. Bg5 Qxe2+ 8.
Bxe2 Be7 9. Nc3 O-O 10. O-O h6 11. Bh4 Nc6 12. Nb5 Ne8 13. Bxe7 Nxe7 14. Nd2
Bd7 15. a4 c6 16. Nc3 Nf6 17. Nde4 Nxe4 18. Nxe4 d5 19. Nc5 Bc8 20. Rfe1 b6 21.
Nb3 Re8 22. Nd4 c5 23. Nb5 Rd8 24. Bf3 Rd7 25. c4 Bb7 26. Re5 d4 27. Bg4 Ng6
28. Re8+ Rxe8 29. Bxd7 Re7 30. Bg4 Nf4 31. g3 Nxd3 32. b3 Nb4 33. Rf1 Nc2 34.
h4 Ne1 35. Kh2 Nf3+ 36. Bxf3 Bxf3 37. Kg1 d3 38. Nc3 d2 0-1

[Event "N4 Echiquier Aubois / Rilly"]
[Site "?"]
[Date "2009.03.15"]
[Round "6"]
[White "Tournier, Timothee"]
[Black "Meunier, Samuel"]
[Result "1-0"]
[WhiteElo "1921"]
[BlackElo "1929"]
[PlyCount "63"]
[EventDate "2008.12.14"]
[SourceDate "2009.03.15"]

1. d4 d5 2. c4 c6 3. Nc3 Nf6 4. Nf3 e6 5. Bg5 Be7 6. e3 O-O 7. Rc1 Nbd7 8. Bd3
a6 9. c5 Re8 10. O-O h6 11. Bf4 Nh5 12. Ne5 Nxf4 13. exf4 Bf8 14. Bb1 Qf6 15.
Ne2 g6 16. Rc3 Bg7 17. Rh3 Nxe5 18. fxe5 Qe7 19. f4 Bd7 20. g4 Rf8 21. Rb3 Rab8
22. Qd3 Qh4 23. Qf3 Qd8 24. Rb6 Qe7 25. Ng3 Kh8 26. f5 gxf5 27. gxf5 f6 28. Qd3
Kg8 29. fxe6 Qxe6 30. Qh7+ Kf7 31. Bg6+ Ke7 32. Qxg7+ 1-0

[Event "N4 Echiquier Aubois / Rilly"]
[Site "?"]
[Date "2009.03.15"]
[Round "6"]
[White "Hascher, Nicolas"]
[Black "Labroche, Jerome"]
[Result "1-0"]
[WhiteElo "2010"]
[BlackElo "1785"]
[PlyCount "49"]
[EventDate "2008.12.14"]
[SourceDate "2009.03.15"]

1. d4 d5 2. Nf3 Bf5 3. c4 c6 4. Nc3 e6 5. Qb3 Qb6 6. c5 Qxb3 7. axb3 Nd7 8. b4
b6 9. b5 bxc5 10. bxc6 Nb6 11. Nb5 Kd8 12. Bf4 Nc8 13. Ne5 Ke7 14. dxc5 f6 15.
Nd7 e5 16. Nc7 Bxd7 17. cxd7 Kxd7 18. Nxa8 exf4 19. b4 Kc6 20. e3 Kb7 21. Ba6+
Kb8 22. O-O fxe3 23. Bxc8 Kxc8 24. Rxa7 Kb8 25. Rd7 1-0

[Event "N4 Echiquier Aubois / Rilly"]
[Site "?"]
[Date "2009.03.15"]
[Round "6"]
[White "Meyer, Caroline"]
[Black "Pelade, Thierry"]
[Result "0-1"]
[WhiteElo "1499"]
[BlackElo "1690"]
[PlyCount "80"]
[EventDate "2008.12.14"]
[SourceDate "2009.03.15"]

1. e4 e5 2. Nf3 Nf6 3. Nc3 d6 4. d4 exd4 5. Qxd4 Nc6 6. Qa4 a6 7. Bd3 Be6 8.
O-O b5 9. Nxb5 axb5 10. Qxb5 Bd7 11. Bg5 Nd4 12. Qc4 Nxf3+ 13. gxf3 Bh3 14.
Rfe1 Be7 15. Qd4 h6 16. Bh4 g5 17. Bg3 Rg8 18. f4 gxf4 19. e5 dxe5 20. Bb5+ Kf8
21. Qxe5 fxg3 22. fxg3 Qd6 23. Rad1 Qxe5 24. Rxe5 Ng4 25. Rh5 Nxh2 26. Rxh3
Nf3+ 27. Kg2 Ne5 28. Rxh6 Ng4 29. Rh3 Ne3+ 30. Kf3 Nxd1 31. Bc6 Rxa2 32. Bd5
Ra5 33. Be4 Re5 34. Bd3 Bd6 35. b4 Re3+ 36. Kg2 Rgxg3+ 37. Kh2 Rxh3+ 38. Kg2
Rh2+ 39. Kf1 Bg3 40. Be2 Rexe2 0-1

[Event "N4 Echiquier Aubois / Rilly"]
[Site "?"]
[Date "2009.03.15"]
[Round "6"]
[White "Fournier, Manuel"]
[Black "Gasior, Jerome"]
[Result "0-1"]
[WhiteElo "2037"]
[BlackElo "2137"]
[PlyCount "70"]
[EventDate "2008.12.14"]
[SourceDate "2009.03.15"]

1. e4 c5 2. Nf3 d6 3. d4 cxd4 4. Nxd4 Nf6 5. Nc3 g6 6. Be3 Bg7 7. f3 O-O 8. Qd2
Nc6 9. Bc4 Bd7 10. O-O-O Rc8 11. Bb3 Ne5 12. h4 Qa5 13. h5 Nxh5 14. g4 Nf6 15.
Bh6 Bxh6 16. Qxh6 Rxc3 17. bxc3 Qxc3 18. Kb1 Rc8 19. Rh3 Nc4 20. Bxc4 Rxc4 21.
f4 Qb4+ 22. Nb3 Bxg4 23. Rdh1 Bxh3 24. Qxh3 Rxe4 25. Qc8+ Kg7 26. f5 Re1+ 27.
Rxe1 Qxe1+ 28. Kb2 Qe5+ 29. Ka3 Qxf5 30. Qxb7 Qxc2 31. Qxe7 Qc3 32. Qxd6 Ng4
33. Qd7 Ne3 34. Qxa7 Nc2+ 35. Ka4 Qb4# 0-1

[Event "Chaumont/BME"]
[Site "?"]
[Date "2009.03.15"]
[Round "6"]
[White "RAPINEL, Franck"]
[Black "BOILLON, Vincent"]
[Result "1/2-1/2"]
[WhiteElo "2114"]
[BlackElo "2156"]
[PlyCount "52"]
[EventDate "2009.03.16"]
[SourceDate "2009.03.16"]

1. Nf3 c5 2. c4 Nc6 3. d4 cxd4 4. Nxd4 g6 5. e4 d6 6. Nc3 Bg7 7. Be3 Nf6 8. Be2
O-O 9. O-O Bd7 10. Rc1 Nxd4 11. Bxd4 Bc6 12. Qd3 Qa5 13. a3 Rfc8 14. b4 Qc7 15.
Nd5 Bxd5 16. exd5 a5 17. Bxf6 Bxf6 18. c5 axb4 19. axb4 dxc5 20. bxc5 b6 21.
Bg4 Rd8 22. c6 Ra5 23. Bd7 Rda8 24. Rfe1 Ra1 25. Rxa1 Rxa1 26. Rxa1 Bxa1
1/2-1/2

[Event "Chaumont/BME"]
[Site "?"]
[Date "2009.03.15"]
[Round "6"]
[White "AUBRIET, Laurent"]
[Black "MOUCHEROUD, Jeremy"]
[Result "1-0"]
[WhiteElo "2010"]
[BlackElo "2043"]
[PlyCount "63"]
[EventDate "2009.03.16"]
[SourceDate "2009.03.16"]

1. d4 d5 2. c4 e6 3. Nc3 c6 4. e3 Bd6 5. Nf3 f5 6. Bd3 Nf6 7. Qc2 Ne4 8. b3 Nd7
9. Bb2 O-O 10. O-O-O a6 11. h3 b5 12. c5 Be7 13. Rdg1 b4 14. Nd1 a5 15. Qe2 a4
16. g4 axb3 17. axb3 Ra2 18. Bb1 Ra7 19. Ne1 Ba6 20. Qc2 Qc7 21. Rg2 Kh8 22.
Rhg1 g6 23. f3 Nef6 24. Nf2 Ne8 25. Ned3 Qa5 26. Nf4 Ng7 27. N2d3 Bxd3 28. Qxd3
Qa6 29. Qd2 Rb8 30. gxf5 exf5 31. e4 fxe4 32. Nxg6+ 1-0

[Event "Chaumont/BME"]
[Site "?"]
[Date "2009.03.15"]
[Round "6"]
[White "ADDA, Olivier"]
[Black "DELMONT, Jean-Robert"]
[Result "1-0"]
[WhiteElo "2105"]
[BlackElo "1970"]
[PlyCount "77"]
[EventDate "2009.03.16"]
[SourceDate "2009.03.16"]

1. Nf3 c5 2. c4 Nc6 3. g3 e5 4. Nc3 f5 5. d3 Nf6 6. Bg2 Be7 7. O-O d6 8. Nd5
O-O 9. e3 Nxd5 10. cxd5 Nb4 11. Qb3 b6 12. Nxe5 a5 13. Nc6 a4 14. Qxb4 cxb4 15.
Nxd8 Rxd8 16. Bd2 Bf6 17. d4 Ba6 18. Rfc1 b3 19. axb3 axb3 20. Bf1 Bxf1 21.
Rxa8 Rxa8 22. Kxf1 Ra2 23. Rc8+ Kf7 24. Bc3 Be7 25. Rc4 g5 26. Rb4 Bd8 27. Rxb3
Ra1+ 28. Kg2 g4 29. Bb4 Ke7 30. Ra3 Rxa3 31. Bxa3 b5 32. Bb4 Bc7 33. Kf1 Kd7
34. Ke2 Ke7 35. Kd3 Kf6 36. Kc2 h5 37. Kb3 f4 38. e4 Bb6 39. Bc3 1-0

[Event "Chaumont/BME"]
[Site "?"]
[Date "2009.03.15"]
[Round "6"]
[White "COLIN, Stéphanie"]
[Black "PICARD, Serge"]
[Result "0-1"]
[WhiteElo "2097"]
[BlackElo "1843"]
[PlyCount "73"]
[EventDate "2009.03.16"]
[SourceDate "2009.03.16"]

1. d4 d5 2. c4 e6 3. Nc3 c6 4. e3 Bd6 5. Nf3 f5 6. Bd3 Nf6 7. Qc2 O-O 8. O-O
Nbd7 9. Bd2 Ne4 10. Be1 Ndf6 11. Ne2 Qe8 12. h3 Qh5 13. Nd2 Nxd2 (13... e5 $3
14. dxe5 Bxe5 15. cxd5 cxd5) 14. Qxd2 dxc4 (14... e5 $3 15. Ng3 Qg6) 15. Bxc4
b5 16. Bd3 Bb7 17. Rc1 g5 18. f4 Nd5 19. Rf3 Rf7 20. a3 Rg7 21. fxg5 Rxg5 22.
Bg3 Rd8 23. Rcf1 Bxg3 24. Nxg3 Qg6 25. Kh2 Nf6 26. Qa5 Rd7 27. Qxa7 c5 28. Qb8+
Kg7 29. R3f2 (29. e4 $3 Nxe4 30. Bxe4 Bxe4 31. Qe5+ Kg8 32. Nxe4 Rxg2+ 33. Kh1
Rxd4 34. Nf6+) 29... c4 30. Bc2 Rf7 (30... h5 $3 31. Qe5 (31. Rg1 h4 32. Ne2
Ne4 33. Bxe4 Bxe4 34. Qxb5 Rb7 35. Qe5+ Kh7) 31... h4 32. Ne4 Bxe4 33. Bxe4 Kh7
34. Bc6 Rg7 35. Qf4) 31. Qe5 Kg8 32. Qb8+ Kg7 33. Qe5 Kf8 {
Nul refusé car gain obligatoire pour l'équipe} 34. Qb8+ Ne8 (34... Kg7 $11) 35.
e4 Rc7 (35... Qf6 36. exf5 Qxd4) 36. exf5 Qh5 37. Nxh5 0-1

[Event "Chaumont/BME"]
[Site "?"]
[Date "2009.03.15"]
[Round "6"]
[White "CARNIOL, Thomas"]
[Black "CAZZARO, D."]
[Result "0-1"]
[WhiteElo "2093"]
[BlackElo "1832"]
[PlyCount "58"]
[EventDate "2009.03.16"]
[SourceDate "2009.03.16"]

1. e4 c5 2. Nf3 d6 3. Bb5+ Bd7 4. Bxd7+ Qxd7 5. c4 Nf6 6. Nc3 g6 7. d4 cxd4 8.
Nxd4 Nc6 9. f3 Bg7 10. Be3 O-O 11. Rc1 a6 12. O-O Rac8 13. b3 Nxd4 14. Bxd4 b5
15. cxb5 axb5 16. a4 bxa4 17. bxa4 Ra8 18. Nb5 Rfc8 19. Qb3 Ne8 20. Bb6 Qb7 21.
a5 Nf6 22. Nc7 $4 (22. Na7 $3) 22... Rxa5 $3 23. Rb1 Re5 24. Rfc1 Nd7 25. Qe3
Nxb6 26. Rxb6 Qa7 27. Nd5 Rxc1+ 28. Qxc1 Rxd5 29. Qc6 Rd1+ 0-1

[Event "Chaumont/BME"]
[Site "?"]
[Date "2009.03.15"]
[Round "6"]
[White "DHAUSSY, Adrien"]
[Black "MASERA, Michel"]
[Result "0-1"]
[WhiteElo "1850"]
[BlackElo "1956"]
[PlyCount "116"]
[EventDate "2009.03.16"]
[SourceDate "2009.03.16"]

1. e4 c5 2. Nf3 Nc6 3. d4 cxd4 4. Nxd4 Nf6 5. Nc3 e5 6. Ndb5 d6 7. a4 a6 8. Na3
Be6 9. Bc4 Bxc4 10. Nxc4 Nxe4 11. Nxe4 d5 12. Bg5 Qc7 13. Qxd5 h6 14. Ncd6+
Bxd6 15. Nxd6+ Kf8 16. Be3 Nb4 17. Qxb7 Qxb7 18. Nxb7 Nxc2+ 19. Ke2 Nxa1 20.
Bc5+ Kg8 21. Rxa1 Rb8 22. Nd6 Rxb2+ 23. Kd3 f6 24. Kc3 Rb8 25. Ra3 Rb1 26. Rb3
Rc1+ 27. Kb4 Kh7 28. Rc3 Rb8+ 29. Kc4 Ra1 30. Ra3 Rc1+ 31. Kd5 Rb2 32. a5 Rd2+
33. Kc6 Rxf2 34. Rg3 Rfc2 35. Nb7 Rb2 36. Nd6 Rbc2 37. Nb7 Rg1 38. Kb6 Rgxg2
39. Kxa6 Rxh2 40. Ka7 Rh1 41. a6 Ra2 42. Bb6 h5 43. Na5 Rb1 44. Rb3 Rxb3 45.
Nxb3 h4 46. Kb7 h3 47. Bg1 h2 48. Bxh2 Rxh2 49. a7 Ra2 50. a8=Q Rxa8 51. Kxa8
g5 52. Nd2 g4 53. Nf1 f5 54. Kb7 f4 55. Kc6 g3 56. Nd2 g2 57. Nf3 e4 58. Ng1 f3
0-1

[Event "Chaumont/BME"]
[Site "?"]
[Date "2009.03.15"]
[Round "6"]
[White "BEAUGRAND, Julien"]
[Black "GUILBAUD, Bertrand"]
[Result "0-1"]
[WhiteElo "1747"]
[BlackElo "1840"]
[PlyCount "48"]
[EventDate "2009.03.16"]
[SourceDate "2009.03.16"]

1. e4 c5 2. Nf3 Nf6 3. Nc3 g6 4. Bc4 Bg7 5. d3 a6 6. a3 b5 7. Ba2 Nc6 8. O-O
O-O 9. Be3 d6 10. h3 Ne8 11. Qd2 Nc7 12. Bh6 Be6 13. Bxg7 Kxg7 14. Bxe6 Nxe6
15. Nd5 Ncd4 16. Nxd4 Nxd4 17. f4 e6 18. Nc3 d5 19. Ne2 dxe4 20. Qc3 exd3 21.
Qxd3 Nxe2+ 22. Qxe2 Qd4+ 23. Qf2 Qxb2 24. Qxc5 Rfc8 0-1

[Event "Chaumont/BME"]
[Site "?"]
[Date "2009.03.15"]
[Round "6"]
[White "LIN, Yun"]
[Black "LOUOT, Catherine"]
[Result "1-0"]
[WhiteElo "1570"]
[BlackElo "1530"]
[PlyCount "77"]
[EventDate "2009.03.16"]
[SourceDate "2009.03.16"]

1. e4 e5 2. Nf3 Nf6 3. Nxe5 d6 4. Nf3 Nxe4 5. Qe2 Qe7 6. d3 Nf6 7. Nc3 Bg4 8.
Qxe7+ Bxe7 9. Be2 O-O 10. O-O Nc6 11. h3 Bxf3 12. Bxf3 Nd4 13. Bxb7 Rab8 14.
Bd5 Nxd5 15. Nxd5 Bd8 16. c3 Ne2+ 17. Kh1 Nxc1 18. Rfxc1 Rxb2 19. Kg1 c6 20.
Ne3 Bg5 21. Rd1 d5 22. Rdb1 Rfb8 23. Re1 Bd8 $4 24. Nd1 Ba5 (24... Kf8 $5 25.
Nxb2 Rxb2) 25. Nxb2 Bxc3 26. Re2 a5 27. Rc1 d4 28. Nd1 Bb4 29. Rb1 Rc8 30. Rc1
Ba3 31. Rc4 c5 32. Rec2 Rb8 33. Ra4 Bb4 34. a3 Re8 35. axb4 Re1+ 36. Kh2 Rxd1
37. bxc5 Rxd3 38. c6 Rb3 39. c7 1-0

[Event "Epernay/Bogny"]
[Site "?"]
[Date "2009.03.15"]
[Round "6"]
[White "DURANT, Christophe"]
[Black "FLAMANT, Jacky"]
[Result "1/2-1/2"]
[WhiteElo "1954"]
[BlackElo "1886"]
[PlyCount "54"]
[EventDate "2009.03.18"]
[SourceDate "2009.03.18"]

1. d4 Nf6 2. Nf3 d5 3. Bf4 Bg4 4. e3 e6 5. c3 Bd6 6. Bg5 O-O 7. h3 Bh5 8. g4
Bg6 9. Ne5 Nbd7 10. Nxd7 Qxd7 11. Bxf6 gxf6 12. Nd2 e5 13. Qf3 exd4 14. cxd4 c5
15. Qxd5 cxd4 16. Qxd4 Qc6 17. Rg1 Rfd8 18. Qc3 Qd7 19. Nf3 Rac8 20. Qb3 Bc2
21. Qb5 Qe7 22. a3 Rc5 23. Qe2 Bc7 24. g5 Bg6 25. gxf6 Qxf6 26. Nd4 Kf8 27. Qf3
Qxf3 1/2-1/2

[Event "Epernay/Bogny"]
[Site "?"]
[Date "2009.03.15"]
[Round "6"]
[White "GUYON, Cyndie"]
[Black "CREPAUX, Jean-Marie"]
[Result "1-0"]
[WhiteElo "1890"]
[BlackElo "1940"]
[PlyCount "62"]
[EventDate "2009.03.16"]
[SourceDate "2009.03.19"]

1. d4 d5 2. c4 c6 3. Nc3 Nf6 4. Nf3 dxc4 5. e3 b5 6. a4 b4 7. Na2 a5 8. Bxc4
Bg4 9. Bxf7+ Kxf7 10. Ne5+ Kg8 11. Nxg4 Qd5 12. O-O Nbd7 13. Nxf6+ exf6 14. Qe2
Bd6 15. Bd2 Kf7 16. Nc1 Rhe8 17. Qd3 Kg8 18. f3 Nb6 19. b3 c5 20. Qb5 Reb8 21.
dxc5 Bxc5 22. Qe2 Rd8 23. Ra2 Qe6 24. Kh1 Rac8 25. Rc2 Nd5 26. e4 Bd4 27. Rxc8
Rxc8 28. exd5 Qxe2 29. Nxe2 Rc2 30. Nxd4 Rxd2 31. Nc6 Kf7 1-0

[Event "Epernay/Bogny"]
[Site "?"]
[Date "2009.03.15"]
[Round "6"]
[White "COLLINET, Laurent"]
[Black "ALCIDI, Valentin"]
[Result "0-1"]
[WhiteElo "1850"]
[BlackElo "1870"]
[PlyCount "40"]
[EventDate "2009.03.16"]
[SourceDate "2009.03.19"]

1. c4 e5 2. g3 Nf6 3. Bg2 Bc5 4. Nc3 Nc6 5. e3 O-O 6. Nge2 Re8 7. O-O a6 8. h3
e4 9. d4 exd3 10. Qxd3 Ne5 11. Qc2 d6 12. b3 Rb8 13. Bb2 Bd7 14. Kh2 Bc6 15. e4
b5 16. cxb5 axb5 17. f4 Nfg4+ 18. hxg4 Nxg4+ 19. Kh1 Qf6 20. Bh3 Qh6 0-1

[Event "Epernay/Bogny"]
[Site "?"]
[Date "2009.03.15"]
[Round "6"]
[White "LEGHBALI, Sophiane"]
[Black "SCHELFHOUT-MELIN, Marie"]
[Result "1-0"]
[WhiteElo "1878"]
[BlackElo "1850"]
[PlyCount "81"]
[EventDate "2009.03.16"]
[SourceDate "2009.03.19"]

1. e4 e5 2. Nf3 Nc6 3. Bb5 Nf6 4. d3 d6 5. c3 a6 6. Ba4 Be7 7. Nbd2 b5 8. Bc2
O-O 9. Nf1 d5 10. Ng3 dxe4 11. dxe4 Qxd1+ 12. Bxd1 Bc5 13. h3 Bb7 14. Bc2 Nd7
15. Nf5 Rfd8 16. Ke2 g6 17. Ne3 Ne7 18. Bd2 Nf6 19. Ng4 Nxg4 20. hxg4 Kg7 21.
Bh6+ Kg8 22. Nxe5 f6 23. Bb3+ Nd5 24. Nd3 Be7 25. Nf4 c6 26. Nxd5 cxd5 27. Rad1
Re8 28. Bxd5+ Bxd5 29. Rxd5 Rad8 30. Rhd1 Kf7 31. Be3 Ke6 32. f3 Rxd5 33. Rxd5
Rf8 34. g3 Rh8 35. Bd4 g5 36. f4 h6 37. Kf3 Rf8 38. Ke3 Bd6 39. Kf3 Rh8 40.
Bxf6 Rf8 41. f5+ 1-0

[Event "Epernay/Bogny"]
[Site "?"]
[Date "2009.03.15"]
[Round "6"]
[White "PITHOIS, Fabien"]
[Black "PRIOUX, Michel"]
[Result "1-0"]
[WhiteElo "1880"]
[BlackElo "1829"]
[PlyCount "93"]
[EventDate "2009.03.16"]
[SourceDate "2009.03.19"]

1. c4 c6 2. g3 d5 3. Bg2 Nf6 4. Nf3 e6 5. b3 g6 6. Bb2 Bg7 7. O-O O-O 8. d3 b5
9. Nbd2 Nbd7 10. Nd4 Qb6 11. cxb5 cxb5 12. b4 Bb7 13. N4b3 Rfc8 14. Rc1 Rxc1
15. Qxc1 Rc8 16. Qa1 a6 17. Nc5 Nxc5 18. bxc5 Qd8 19. Rc1 Ne8 20. Bxg7 Nxg7 21.
d4 Nf5 22. Qb2 Ne7 23. e3 Nc6 24. f4 f6 25. h4 Rc7 26. Nb3 Re7 27. Qd2 h6 28.
Qe2 Kg7 29. h5 Qe8 30. Qg4 b4 31. Qxg6+ Qxg6 32. hxg6 Kxg6 33. Kf2 Rd7 34. Bf1
Rd8 35. Ra1 a5 36. Bb5 Ra8 37. Ba4 Ne7 38. a3 Bc6 39. Bxc6 Nxc6 40. axb4 Nxb4
41. Rxa5 Rb8 42. Nd2 Kf5 43. Kf3 h5 44. Ra3 Nc6 45. Rb3 Rc8 46. Rb6 e5 47. Nb3
1-0

[Event "Epernay/Bogny"]
[Site "?"]
[Date "2009.03.15"]
[Round "6"]
[White "WACZECKA, Jerome"]
[Black "BARREAUD, Samuel"]
[Result "1/2-1/2"]
[WhiteElo "1860"]
[BlackElo "1840"]
[PlyCount "81"]
[EventDate "2009.03.16"]
[SourceDate "2009.03.19"]

1. d4 e6 2. Nf3 f5 3. c3 Nf6 4. Bg5 Be7 5. Nbd2 d5 6. Ne5 Nbd7 7. Ndf3 O-O 8.
e3 Ne4 9. Bxe7 Qxe7 10. Bd3 a6 11. a4 Rf6 12. O-O Nxe5 13. Nxe5 Bd7 14. c4 Rh6
15. Rc1 c6 16. Bxe4 fxe4 17. c5 Be8 18. f4 Qh4 19. h3 Qg3 20. Qe1 Rxh3 21. Qxg3
Rxg3 22. Kf2 Rg6 23. Nxg6 Bxg6 24. g4 Rf8 25. Kg3 h6 26. Rf2 Be8 27. b4 Bd7 28.
Rcf1 g6 29. Rh1 Kg7 30. Rb2 Rc8 31. Rf1 Rf8 32. Rbf2 Rf7 33. Rb1 Rf8 34. b5
cxb5 35. axb5 Bxb5 36. Rxb5 axb5 37. Ra2 Rf7 38. Rb2 Kf6 39. Rxb5 Rc7 40. Rb6
Re7 41. Rb2 1/2-1/2

[Event "Epernay/Bogny"]
[Site "?"]
[Date "2009.03.15"]
[Round "6"]
[White "MELIN, Georges"]
[Black "RENARD, Luc"]
[Result "0-1"]
[WhiteElo "1780"]
[BlackElo "1720"]
[PlyCount "120"]
[EventDate "2009.03.16"]
[SourceDate "2009.03.19"]

1. Nf3 Nf6 2. b3 e6 3. Bb2 b6 4. e3 Bb7 5. Be2 Be7 6. O-O O-O 7. d3 d6 8. d4
Be4 9. Ng5 d5 10. Nd2 Bg6 11. Ndf3 h6 12. Nh3 Nbd7 13. Nf4 Bh7 14. Nd2 Ne4 15.
Bd3 Nxd2 16. Bxh7+ Kxh7 17. Qxd2 Nf6 18. f3 Kg8 19. Rae1 Rc8 20. e4 c6 21. exd5
cxd5 22. Qd3 Qc7 23. Qe3 Bd6 24. Nxe6 fxe6 25. Qxe6+ Rf7 26. Qh3 Qd7 27. Qh4
Rxc2 28. Bc1 Nh7 29. Re3 Be7 30. Qg3 Bd6 31. Qe1 Re7 32. a4 Rxe3 33. Qxe3 Qe7
34. Qd3 Qe2 35. Qg6 Rxc1 36. Rxc1 Qe3+ 37. Kf1 Qxc1+ 38. Ke2 Qb2+ 39. Kf1 Qc1+
40. Ke2 Nf6 41. Qf5 Kf7 42. Qd3 Qc7 43. g3 Qe7+ 44. Kf1 Bb4 45. Kg2 Bd6 46. Qb5
Qd7 47. Qd3 Qb7 48. Qf5 a6 49. Qc2 Qc7 50. Qd3 a5 51. Qf5 Qc3 52. Kf1 Qxd4 53.
Qc8 Qc5 54. Qb7+ Qc7 55. Qa6 Bc5 56. Qd3 Qe5 57. Qa6 Qe3 58. Qb7+ Kg6 59. Kg2
Qf2+ 60. Kh3 Qxf3 0-1

[Event "Epernay/Bogny"]
[Site "?"]
[Date "2009.03.15"]
[Round "6"]
[White "FOURDRIGNIER, Martin"]
[Black "MARCHAL, Ludovic"]
[Result "0-1"]
[WhiteElo "1690"]
[BlackElo "1580"]
[PlyCount "120"]
[EventDate "2009.03.16"]
[SourceDate "2009.03.19"]

1. e4 d6 2. d4 Nf6 3. Nc3 g6 4. h3 Bg7 5. Be3 c6 6. Bd3 e5 7. Nge2 Nbd7 8. Qd2
exd4 9. Nxd4 O-O 10. f4 Nc5 11. g4 Re8 12. Qg2 Ncxe4 13. Nxe4 Nxe4 14. O-O-O
Nc5 15. Bf2 Nxd3+ 16. Rxd3 d5 17. Qf3 c5 18. Nb3 Be6 19. Nxc5 Qa5 20. Ra3 Qb4
21. Rb3 Qa5 22. a3 d4 23. Nxe6 Rxe6 24. Qxb7 Rae8 25. Kb1 Qd2 26. Bg3 Re2 27.
Rc1 R2e3 28. Rxe3 dxe3 29. Be1 Qh2 30. Qf3 Rb8 31. b3 Re8 (31... Rxb3+) 32. f5
Qe5 33. c3 Qe4+ 34. Qxe4 Rxe4 35. c4 e2 36. Kc2 Bh6 37. Rb1 f6 38. fxg6 hxg6
39. a4 Kf7 40. b4 f5 41. gxf5 gxf5 42. c5 Ke6 43. Rb3 Rc4+ 44. Rc3 Rxb4 45.
Re3+ Bxe3 46. Bxb4 Bxc5 47. Be1 f4 48. Kd3 f3 49. Bg3 Kf5 50. a5 Bb4 51. Ke3
e1=Q+ 52. Bxe1 Bxe1 53. Kxf3 Bxa5 54. Ke3 Kg5 55. Kd4 Kh4 56. Kc5 Kxh3 57. Kb5
Bb6 58. Ka6 Kg4 59. Kb5 a5 60. Ka4 Kf5 0-1

[Event "ENHM/LTR"]
[Site "?"]
[Date "2009.03.15"]
[Round "6"]
[White "VIARD, Dominique"]
[Black "SZYLAR, Eric"]
[Result "0-1"]
[WhiteElo "2040"]
[BlackElo "2077"]
[PlyCount "60"]
[EventDate "2009.03.16"]
[SourceDate "2009.03.19"]

1. Nf3 Nf6 2. d4 g6 3. c4 Bg7 4. g3 O-O 5. Bg2 d5 6. O-O dxc4 7. Nc3 c6 8. Qc2
Na6 9. a3 Be6 10. e4 Qa5 11. Be3 Rfd8 12. h3 b5 13. d5 cxd5 14. Nd4 Rac8 15.
Ncxb5 Nc5 16. exd5 Nxd5 17. Nxe6 Nxe3 18. fxe3 Nxe6 19. Nc3 Rd3 20. Rae1 Bxc3
21. bxc3 Qxc3 22. Qf2 Rf8 23. Rc1 Qxa3 24. Rxc4 Rxe3 25. Kh2 a5 26. Rc2 Nd4 27.
Ra2 Qc3 28. h4 Nf5 29. Rc2 Qe5 30. Bf3 Nxh4 0-1

[Event "ENHM/LTR"]
[Site "?"]
[Date "2009.03.15"]
[Round "6"]
[White "COLLET, Guillaume"]
[Black "ZEROUAL, Mohamed"]
[Result "1-0"]
[WhiteElo "1996"]
[BlackElo "1990"]
[PlyCount "83"]
[EventDate "2009.03.16"]
[SourceDate "2009.03.19"]

1. d4 Nf6 2. Nf3 g6 3. g3 Bg7 4. Bg2 O-O 5. O-O d6 6. c4 Nbd7 7. Nc3 c6 8. e4
e5 9. h3 Re8 10. Be3 c5 11. dxe5 dxe5 12. Qc2 Qa5 13. Nd2 a6 14. Nb3 Qc7 15. a4
Rb8 16. Rfd1 b6 17. a5 bxa5 18. Nxa5 Qb6 19. Rdb1 Qe6 20. Nd5 Nxd5 21. cxd5 Qd6
22. Bf1 Rf8 23. Qa4 f5 24. exf5 gxf5 25. Qc6 Rf6 26. Bg5 Rg6 27. Bd8 Qxc6 28.
Nxc6 Kf7 29. Nxb8 Nxb8 30. Bc7 Nd7 31. Be2 Nf6 32. Rd1 f4 33. Bxe5 fxg3 34.
Bxg3 h5 35. h4 Ke7 36. Bxa6 Bd7 37. Bc4 Ne4 38. Re1 Bf5 39. Bd3 Rg4 40. d6+ Kf6
41. Bxe4 Bxe4 42. Rad1 1-0